Statistiken für Länder 197 bis 205

Klicken Sie hier um das Quiz zu spielen!

Allgemein

  • Dieses Quiz wurde 356 mal gespielt
  • Das Durchschnittsergebnis liegt bei 5 aus 9

Antwortstatistiken

StatusBevölkerungLand% Korrekt
Freizügigkeit mit Dänemark55 800Grönland
86%
Freizügigkeit mit Dänemark49 200Färöer-Inseln
68%
Anerkannt von 71% aller Nationen (139 von 196)4 550 400Palästina
65%
Afrikanische Nation, von 44 Nationen anerkannt586 000Westsahara
64%
Freizügigkeit mit den Niederlanden107 400Aruba
51%
Freizügigkeit mit den Niederlanden154 800Curaçao
46%
Freizügigkeit mit Neuseeland19 100Cookinseln
40%
Freizügigkeit mit den Niederlanden38 200Sint Maarten
38%
Freizügigkeit mit Neuseeland1 500Niue
35%

Verteilung der Resultate

Perzentil nach korrekt beantworteten Fragen

Anzahl Personen mit jedem Resultat

Ihre Resultats-Entwicklung

Sie haben dieses Quiz noch nicht gespielt